[Event "Dhaka SGS op"]
[Site "Dhaka"]
[Date "2017.06.11"]
[Round "9"]
[White "Noshin, Anjum"]
[Black "Nurul, Amin"]
[Result "1-0"]
[WhiteElo "1622"]
[BlackElo "1844"]
[PlyCount "91"]
[EventDate "2017.06.03"]
[EventType "swiss"]
[EventRounds "9"]
[EventCountry "BAN"]
[SourceTitle "EXT 2024"]
[Source "ChessBase"]
[SourceDate "2023.10.10"]
[SourceVersion "1"]
[SourceVersionDate "2023.10.10"]
[SourceQuality "1"]

1. e4 Nc6 2. d4 e6 3. Nc3 Bb4 4. g3 Nge7 5. Bg2 0-0 6. Nge2 d5 7. 0-0 Bxc3 8. bxc3 Bd7 9. Nf4 Ng6 10. exd5 Nxf4 11. dxc6 Nxg2 12. cxd7 Nh4 13. gxh4 Qxh4 14. Qf3 c6 15. Bf4 Rad8 16. Bd6 Rxd7 17. Bxf8 Kxf8 18. Kh1 Rd5 19. Rae1 Rf5 20. Qg3 Qf6 21. Re5 Rf3 22. Qg5 Qxg5 23. Rxg5 Rxc3 24. Ra5 Rxc2 25. Rxa7 Rb2 26. Kg2 Ke7 27. a4 Kd6 28. a5 Rb4 29. Rd1 Rb5 30. a6 bxa6 31. Rxf7 Rg5+ 32. Kf3 a5 33. Ra1 h6 34. Ra7 Rf5+ 35. Ke3 g5 36. R1xa5 Rf4 37. Rh7 Rh4 38. f3 Rxh2 39. Raa7 e5 40. Rad7+ Ke6 41. Rde7+ Kf6 42. dxe5+ Kg6 43. Rhg7+ Kf5 44. Rgf7+ Kg6 45. Rf6+ Kh5 46. Rh7 1-0